| LEADER 01174nam 2200277 a 4500 |
| 001 13399126965 |
| 003 ULIBM |
| 008 030417s2554 caua sb 001 0 tha |
| 099 ^aว ผม.มธ. 27 2554 |
| 100 0 ^aเสาวภา บุญเอี่ยม. |
| 245 10 ^aการสร้างการมีส่วนร่วมของชุมชนธรรมศาสตร์ ศูนย์รังสิต ต่อชุมชนข้างเคียงในการป้องกันและบรรเทาอุทกภัย ผ่านเกมสวมบทบาท /^cเสาวภา บุญเอี่ยม. |
| 260 ^aปทุมธานี :^bมหาวิทยาลัยธรรมศาสตร์,^c2554. |
| 300 ^aก-ฐ, 145 แผ่น :^bภาพประกอบ ,^c29 ซม. |
| 502 ^aวิทยานิพนธ์ การผังเมืองบัณฑิต, 2554. |
| 650 7 ^aอุทกภัย^zไทย^xการป้องกันและควบคุม. |
| 650 7 ^aเกมสวมบทบาท. |
| 710 0 ^aฉวีวรรณ เด่นไพบูลย์, ^eอาจารย์ที่ปรึกษา. |
| 856 ^uhttps://digital.library.tu.ac.th/tu_dc/frontend/Info/item/dc:339125 ^zเอกสารฉบับเต็ม (ดูรายบทคลิกที่ Bookmarks) |
| 913 ^aImported by ULIBM Administrator |
| 949 ^aImport form external file by ULIBM system |